000 00699nam a22002057a 4500
005 20160115080420.0
008 160115b1945 ag ||||| |||| 00| 0 spa d
040 _aCO-BoIAVH
_cCO-BoIAVH
041 _aspa
044 _aag
082 1 4 _a778.31
_bG46m
100 1 _aGil Girón, Alicia
245 1 0 _aMicroscopia :
_bprincipios de óptica.
260 _aBuenos Aires:
_bEditorial Hobby,
_c1945.
300 _a176 páginas.
505 _aEl microscopio: descripción -- uso -- instrumental -- reacitos -- material de trabajo -- preparaciones -- microfotografía -- microscopio electrónico
650 1 6 _aFotomicrografía
650 1 6 _aMicroscopía
942 _2ddc
_cLIBRO
999 _c17968
_d17968